[Event "MCRE_O19"]
[Site "?"]
[Date "2004.??.??"]
[Round "?"]
[White "Benes, Pavel"]
[Black "Galuska, Petr"]
[Result "1/2-1/2"]
[WhiteElo "1867"]
[BlackElo "1800"]
[PlyCount "51"]
[EventDate "2004.??.??"]
[EventType "corr"]
[EventRounds "2"]
[SourceDate "2005.03.12"]

1. d4 Nf6 2. Bg5 Ne4 3. Bf4 c5 4. f3 Qa5+ 5. c3 Nf6 6. d5 d6 7. e4 g6 8. Na3
Bg7 9. Bd3 O-O 10. Nc4 Qc7 11. Qb3 Nbd7 12. Ne2 a6 13. a4 Rb8 14. a5 b5 15.
axb6 Nxb6 16. Qc2 Nh5 17. Be3 e6 18. Nxb6 Rxb6 19. Bc4 Nf6 20. dxe6 fxe6 21.
Nf4 d5 22. exd5 Qe5 23. Qd2 Rxb2 24. Nd3 Rxd2 25. Nxe5 Rxd5 26. Nd3 1/2-1/2

[Event "MCRE_O19"]
[Site "?"]
[Date "2004.??.??"]
[Round "?"]
[White "Benes, Pavel"]
[Black "Jezek, Otakar"]
[Result "1-0"]
[WhiteElo "1867"]
[BlackElo "1800"]
[PlyCount "47"]
[EventDate "2004.??.??"]
[EventType "corr"]
[EventRounds "2"]
[SourceDate "2005.03.12"]

1. e4 e5 2. Nf3 Nf6 3. d4 exd4 4. e5 Ne4 5. Qxd4 d5 6. exd6 Nxd6 7. Bd3 Qe7+ 8.
Be3 Nf5 9. Bxf5 Bxf5 10. Nc3 Qd7 11. O-O-O Nc6 12. Qxd7+ Bxd7 13. Ng5 O-O-O 14.
Nxf7 Bd6 15. Nxh8 Rxh8 16. Ne4 Be7 17. Rhe1 Bf5 18. f3 Bxe4 19. fxe4 Re8 20.
Bd4 Nxd4 21. Rxd4 Bf6 22. Rd3 c6 23. c3 Re5 24. Kc2 1-0

[Event "MCRE_O19"]
[Site "?"]
[Date "2004.??.??"]
[Round "?"]
[White "Benes, Pavel"]
[Black "Kosar, Zdenek"]
[Result "1/2-1/2"]
[WhiteElo "1867"]
[BlackElo "1800"]
[PlyCount "49"]
[EventDate "2004.??.??"]
[EventType "corr"]
[EventRounds "2"]
[SourceDate "2005.03.12"]

1. e4 e5 2. Nf3 Nc6 3. Bb5 a6 4. Bxc6 dxc6 5. O-O f6 6. d4 exd4 7. Nxd4 c5 8.
Nb3 Qxd1 9. Rxd1 Bg4 10. f3 Be6 11. Nc3 c4 12. Nd4 Bf7 13. Be3 O-O-O 14. Nf5
Rxd1+ 15. Rxd1 Ne7 16. Nxe7+ Bxe7 17. Nd5 Bd8 18. Kf2 Re8 19. Bf4 Be6 20. g3 c6
21. Nc3 b5 22. Be3 Be7 23. Ne2 Rd8 24. Rxd8+ Kxd8 25. Nd4 1/2-1/2

[Event "MCRE_O19"]
[Site "?"]
[Date "2004.??.??"]
[Round "?"]
[White "Benes, Pavel"]
[Black "Urban, Milos"]
[Result "1-0"]
[WhiteElo "1867"]
[BlackElo "1800"]
[PlyCount "45"]
[EventDate "2004.??.??"]
[EventType "corr"]
[EventRounds "2"]
[SourceDate "2005.03.12"]

1. e4 c5 2. c3 Nf6 3. e5 Nd5 4. d4 cxd4 5. Nf3 e6 6. cxd4 b6 7. Bc4 Bb7 8. O-O
d6 9. Bg5 Be7 10. Bxd5 Bxd5 11. Bxe7 Qxe7 12. Nc3 dxe5 13. dxe5 Bc6 14. Nd4 O-O
15. Qe2 Bb7 16. Ncb5 Nd7 17. Rac1 Qg5 18. f4 Qe7 19. Rc7 Ba6 20. Rfc1 Rfc8 21.
Qd2 Qd8 22. Nc6 Rxc7 23. Nxc7 1-0

[Event "MCRE_O19"]
[Site "?"]
[Date "2004.??.??"]
[Round "?"]
[White "Galuska, Petr"]
[Black "Jezek, Otakar"]
[Result "1-0"]
[WhiteElo "1800"]
[BlackElo "1800"]
[PlyCount "96"]
[EventDate "2004.??.??"]
[EventType "corr"]
[EventRounds "2"]
[SourceDate "2005.03.12"]

1. d4 d5 2. c4 e6 3. Nc3 Nf6 4. Bg5 Be7 5. e3 Nbd7 6. Nf3 c6 7. Bd3 dxc4 8.
Bxc4 h6 9. Bh4 O-O 10. O-O Qa5 11. Qc2 Rd8 12. Rfd1 a6 13. a3 Qh5 14. Bg3 Ne8
15. Rac1 Nd6 16. Bd3 Re8 17. Ne2 Qa5 18. b4 Qb6 19. Nc3 a5 20. b5 Nxb5 21. Nxb5
cxb5 22. Bc7 Qa6 23. a4 Qc6 24. Qb1 Qd5 25. Ne5 bxa4 26. Bc4 Ba3 27. Bxd5 Bxc1
28. Nxd7 Bxd7 29. Bxb7 Ba3 30. Bxa8 Rxa8 31. Qb7 Rf8 32. Bxa5 Be8 33. Ra1 Bd6
34. Qb6 Be7 35. Qc7 Bf6 36. Bb4 g6 37. Bxf8 Kxf8 38. Qb8 e5 39. Rxa4 g5 40. Ra8
Kg7 41. Qxe8 Kg6 42. Qg8+ Kf5 43. dxe5 g4 44. Qxf7 Kxe5 45. Ra5+ Kd6 46. Ra6+
Kc5 47. Qc7+ Kb5 48. Rb6+ Ka4 1-0

[Event "MCRE_O19"]
[Site "?"]
[Date "2004.??.??"]
[Round "?"]
[White "Galuska, Petr"]
[Black "Kosar, Zdenek"]
[Result "1/2-1/2"]
[WhiteElo "1800"]
[BlackElo "1800"]
[PlyCount "102"]
[EventDate "2004.??.??"]
[EventType "corr"]
[EventRounds "2"]
[SourceDate "2005.03.12"]

1. d4 Nf6 2. c4 e6 3. Nf3 b6 4. e3 Bb7 5. Bd3 d5 6. cxd5 exd5 7. Nc3 Bd6 8. O-O
O-O 9. Qc2 c5 10. dxc5 bxc5 11. Nb5 Be7 12. Rd1 Nc6 13. a3 Qb8 14. b4 cxb4 15.
Bb2 Rc8 16. Qe2 a6 17. Nbd4 bxa3 18. Bxa3 Bxa3 19. Rxa3 Nb4 20. Bf5 Rc7 21. Qb2
Bc8 22. Bxc8 Rxc8 23. Nf5 Rc2 24. Qb3 Rc7 25. Ra4 a5 26. Qb2 Rc5 27. N3d4 Rc4
28. Qa1 Qd8 29. h3 h5 30. Rb1 Rcc8 31. Nb3 Qd7 32. Nfd4 Nc2 33. Nxc2 Rxc2 34.
Nd4 Rc5 35. Rd1 Qd8 36. Nb3 Rb5 37. Nd4 Rb4 38. Rxb4 axb4 39. Qb2 Qb6 40. Nc2
Rb8 41. Rd3 Qa6 42. Rb3 Qe2 43. Nd4 Qc4 44. Nc2 Rc8 45. Nd4 Qc1+ 46. Kh2 Qxb2
47. Rxb2 Rc4 48. Nc2 b3 49. Nd4 Ne4 50. Rxb3 Nxf2 51. Rb8+ Kh7 1/2-1/2

[Event "MCRE_O19"]
[Site "?"]
[Date "2004.??.??"]
[Round "?"]
[White "Galuska, Petr"]
[Black "Tyrlik, Jaroslav"]
[Result "1/2-1/2"]
[WhiteElo "1800"]
[BlackElo "1895"]
[PlyCount "99"]
[EventDate "2004.??.??"]
[EventType "corr"]
[EventRounds "2"]
[SourceDate "2005.03.12"]

1. d4 d5 2. c4 c6 3. Nf3 Nf6 4. Nc3 dxc4 5. e3 b5 6. a4 b4 7. Na2 e6 8. Bxc4
Be7 9. O-O O-O 10. b3 c5 11. Bb2 cxd4 12. Qxd4 Bb7 13. Qf4 Nbd7 14. Rfd1 Qa5
15. Rac1 Rac8 16. Bb5 Bxf3 17. Qxf3 Nc5 18. Qe2 Nce4 19. Bd4 Rfd8 20. Rxc8 Rxc8
21. Qf3 h6 22. Bd3 Nc5 23. Rc1 Rd8 24. Bc2 Rd5 25. Qe2 e5 26. Bb2 Nce4 27. f3
Ng5 28. Kh1 e4 29. f4 Ngh7 30. Qc4 Rd2 31. Rd1 Rxd1+ 32. Bxd1 Qd5 33. Bd4 a5
34. Bc2 Qh5 35. Qb5 Qh4 36. Qe2 Nh5 37. Kg1 N7f6 38. Qf2 Qg4 39. h3 Qg6 40. g4
Nxg4 41. hxg4 Qxg4+ 42. Qg2 Ng3 43. Nc1 f5 44. Kh2 Nf1+ 45. Qxf1 Qh4+ 46. Kg1
Qg3+ 47. Qg2 Qe1+ 48. Kh2 Qh4+ 49. Qh3 Qf2+ 50. Kh1 1/2-1/2

[Event "MCRE_O19"]
[Site "?"]
[Date "2004.??.??"]
[Round "?"]
[White "Galuska, Petr"]
[Black "Urban, Milos"]
[Result "1-0"]
[WhiteElo "1800"]
[BlackElo "1800"]
[PlyCount "59"]
[EventDate "2004.??.??"]
[EventType "corr"]
[EventRounds "2"]
[SourceDate "2005.03.12"]

1. d4 Nf6 2. c4 g6 3. g3 Bg7 4. Bg2 d6 5. Nf3 O-O 6. O-O c5 7. Nc3 Nc6 8. d5
Na5 9. Qd3 Ng4 10. h3 Ne5 11. Nxe5 Bxe5 12. Bh6 Bg7 13. Bxg7 Kxg7 14. f4 e5 15.
dxe6 Bxe6 16. b3 Qd7 17. Ne4 Rad8 18. Qc3+ f6 19. Qxa5 b6 20. Qd2 Bxh3 21. Rad1
Bxg2 22. Kxg2 Qc6 23. Qd5 Qxd5 24. Rxd5 Rd7 25. Nxd6 Rfd8 26. Rfd1 Kf8 27. e4
h5 28. Nb5 Rxd5 29. Rxd5 Rxd5 30. exd5 1-0

[Event "MCRE_O19"]
[Site "?"]
[Date "2004.??.??"]
[Round "?"]
[White "Galuska, Petr"]
[Black "Uxa, Tomas"]
[Result "1-0"]
[WhiteElo "1800"]
[BlackElo "1800"]
[PlyCount "29"]
[EventDate "2004.??.??"]
[EventType "corr"]
[EventRounds "2"]
[SourceDate "2005.03.12"]

1. d4 d5 2. c4 dxc4 3. e3 Be6 4. Nf3 Nf6 5. Nbd2 Bg4 6. Bxc4 Bxf3 7. Nxf3 e6 8.
Qb3 Nc6 9. Qxb7 Bb4+ 10. Ke2 Nxd4+ 11. Nxd4 O-O 12. Qxb4 Rb8 13. Qc3 Ne4 14.
Qc2 Nd6 15. Bd3 1-0

[Event "MCRE_O19"]
[Site "?"]
[Date "2004.??.??"]
[Round "?"]
[White "Jezek, Otakar"]
[Black "Benes, Pavel"]
[Result "1-0"]
[WhiteElo "1800"]
[BlackElo "1867"]
[PlyCount "50"]
[EventDate "2004.??.??"]
[EventType "corr"]
[EventRounds "2"]
[SourceDate "2005.03.12"]

1. c4 Nf6 2. d4 g6 3. Nf3 Bg7 4. Nc3 O-O 5. e4 d6 6. Be2 e5 7. dxe5 dxe5 8.
Nxe5 Qxd1+ 9. Bxd1 Nxe4 10. Nxe4 Bxe5 11. f4 Bd4 12. Bf3 Nc6 13. Kd1 Be6 14.
Nd2 Rad8 15. Bxc6 bxc6 16. Kc2 Bf5+ 17. Kd1 Rfe8 18. a3 Bg4+ 19. Kc2 Re2 20.
Kb3 a5 21. g3 Rb8+ 22. Kc2 Bf5+ 23. Kd1 Rbe8 24. g4 Bxg4 25. Kc2 Bf5+ 1-0

[Event "MCRE_O19"]
[Site "?"]
[Date "2004.??.??"]
[Round "?"]
[White "Jezek, Otakar"]
[Black "Galuska, Petr"]
[Result "1/2-1/2"]
[WhiteElo "1800"]
[BlackElo "1800"]
[PlyCount "36"]
[EventDate "2004.??.??"]
[EventType "corr"]
[EventRounds "2"]
[SourceDate "2005.03.12"]

1. Nf3 d5 2. d4 Bf5 3. e3 e6 4. c4 c6 5. Nc3 Nd7 6. Qb3 Rb8 7. Qa4 dxc4 8. e4
b5 9. Qxa7 Bg6 10. Bf4 Ra8 11. Qb7 b4 12. Nb1 Bxe4 13. Nbd2 Bd5 14. Bxc4 Ngf6
15. Be5 Be7 16. O-O Qc8 17. Qxc8+ Rxc8 18. Rac1 Ra8 1/2-1/2

[Event "MCRE_O19"]
[Site "?"]
[Date "2004.??.??"]
[Round "?"]
[White "Jezek, Otakar"]
[Black "Kosar, Zdenek"]
[Result "0-1"]
[WhiteElo "1800"]
[BlackElo "1800"]
[PlyCount "107"]
[EventDate "2004.??.??"]
[EventType "corr"]
[EventRounds "2"]
[SourceDate "2005.03.12"]

1. Nf3 d5 2. d4 Nf6 3. e3 e6 4. Bd3 c5 5. dxc5 Bxc5 6. O-O O-O 7. Nc3 Nc6 8. e4
d4 9. Na4 Bd6 10. c3 e5 11. Bg5 h6 12. Bh4 g5 13. Bg3 Bg4 14. h3 Bh5 15. Rc1
Rc8 16. c4 b6 17. a3 Qe7 18. b4 Nd7 19. Re1 a5 20. Nxb6 Nxb6 21. c5 Bxc5 22.
bxc5 Nd7 23. Rc4 Nxc5 24. Qc2 Nxd3 25. Qxd3 f6 26. Rec1 Qb7 27. Rc5 Ne7 28. Nd2
Bf7 29. Qf3 Rxc5 30. Rxc5 Qb6 31. Rc2 Rc8 32. Rxc8+ Nxc8 33. h4 Qc6 34. Kh2 Kg7
35. Qg4 h5 36. Qe2 g4 37. f3 gxf3 38. gxf3 Qd6 39. Qf2 Ne7 40. f4 Nc6 41. Qg1
Kh7 42. Qf1 Qc5 43. fxe5 Nxe5 44. Bxe5 Qxe5+ 45. Kg2 Bg6 46. Qf3 a4 47. Qd3 f5
48. Nf3 fxe4 49. Qxd4 exf3+ 50. Kf2 Qxd4+ 51. Kxf3 Qxh4 52. Ke2 Qg3 53. Kd1 Qg2
54. Ke1 0-1

[Event "MCRE_O19"]
[Site "?"]
[Date "2004.??.??"]
[Round "?"]
[White "Jezek, Otakar"]
[Black "Tyrlik, Jaroslav"]
[Result "0-1"]
[WhiteElo "1800"]
[BlackElo "1895"]
[PlyCount "138"]
[EventDate "2004.??.??"]
[EventType "corr"]
[EventRounds "2"]
[SourceDate "2005.03.12"]

1. Nc3 g6 2. e4 Bg7 3. d4 d6 4. Nf3 Nf6 5. Bc4 O-O 6. e5 Ne8 7. O-O Bg4 8. h3
Bxf3 9. Qxf3 Nd7 10. Re1 c5 11. Bd3 Qb6 12. Ne2 Nc7 13. b3 d5 14. c3 Rac8 15.
Rd1 cxd4 16. cxd4 Nb8 17. Be3 Nc6 18. Rac1 Rfd8 19. Rc2 Ne6 20. Qg4 Rc7 21.
Rcc1 Rcd7 22. Rc3 Nxe5 23. dxe5 d4 24. Nxd4 Nxd4 25. f4 Qe6 26. Qxe6 Nxe6 27.
g3 f6 28. Rd2 Kf7 29. g4 fxe5 30. f5 gxf5 31. gxf5 Nd4 32. Kf1 Nxf5 33. Bxf5
Rxd2 34. Bxd2 Rxd2 35. Bxh7 Rxa2 36. Be4 b5 37. Rc5 a6 38. Rc2 Ra3 39. h4 e6
40. Rc7+ Kf6 41. Rc3 Bh6 42. Rf3+ Ke7 43. h5 Ra1+ 44. Kg2 a5 45. Rf1 Rxf1 46.
Kxf1 a4 47. bxa4 bxa4 48. Ke2 a3 49. Bb1 e4 50. Kd1 Kf6 51. Kc2 e3 52. Kd3 e5
53. Ba2 e4+ 54. Ke2 Ke5 55. Bc4 Kd4 56. Bg8 Kc3 57. Be6 Kb2 58. Kf1 a2 59. Bxa2
Kxa2 60. Kg1 Kb3 61. Kf1 Kc3 62. Ke2 Kc2 63. Ke1 Kd3 64. Kf1 e2+ 65. Kf2 Bf4
66. h6 Kd2 67. h7 e1=Q+ 68. Kg2 Ke2 69. h8=Q Qf1# 0-1

[Event "MCRE_O19"]
[Site "?"]
[Date "2004.??.??"]
[Round "?"]
[White "Jezek, Otakar"]
[Black "Urban, Milos"]
[Result "1-0"]
[WhiteElo "1800"]
[BlackElo "1800"]
[PlyCount "77"]
[EventDate "2004.??.??"]
[EventType "corr"]
[EventRounds "2"]
[SourceDate "2005.03.12"]

1. e4 c5 2. Nf3 d6 3. d4 cxd4 4. Nxd4 Nf6 5. Nc3 a6 6. Bc4 e6 7. O-O b5 8. Bd3
Be7 9. Qf3 Bb7 10. Rd1 Qc7 11. a3 O-O 12. Qg3 Nh5 13. Qh3 g6 14. Be2 Nf6 15.
Bf3 Re8 16. Bg5 Nbd7 17. Qh4 e5 18. Nb3 Kg7 19. Rd3 Ng8 20. Bxe7 Nxe7 21. Rad1
Nc8 22. Bg4 Bc6 23. Bh3 a5 24. R1d2 Ndb6 25. Bxc8 Nxc8 26. Rh3 Rh8 27. Qh6+ Kg8
28. Nd5 Bxd5 29. exd5 f5 30. Qg5 Qe7 31. Qe3 f4 32. Qc3 Qd8 33. Re2 Ne7 34. Nd2
Rc8 35. Qd3 Rc5 36. Ne4 Rc7 37. Qxb5 Rc5 38. Nxc5 dxc5 39. Rxe5 1-0

[Event "MCRE_O19"]
[Site "?"]
[Date "2004.??.??"]
[Round "?"]
[White "Jezek, Otakar"]
[Black "Uxa, Tomas"]
[Result "1-0"]
[WhiteElo "1800"]
[BlackElo "1800"]
[PlyCount "33"]
[EventDate "2004.??.??"]
[EventType "corr"]
[EventRounds "2"]
[SourceDate "2005.03.12"]

1. Nf3 d6 2. e4 e5 3. Nc3 Nf6 4. d4 g6 5. dxe5 dxe5 6. Qxd8+ Kxd8 7. Nxe5 Be6
8. Bg5 Be7 9. Bc4 Ke8 10. Rd1 Bxc4 11. Nxc4 Ng4 12. Bxe7 Kxe7 13. Nd5+ Kd7 14.
Nde3+ Ke7 15. Nxg4 Nc6 16. Nce3 b5 17. Nd5+ 1-0

[Event "MCRE_O19"]
[Site "?"]
[Date "2004.??.??"]
[Round "?"]
[White "Kosar, Zdenek"]
[Black "Benes, Pavel"]
[Result "1-0"]
[WhiteElo "1800"]
[BlackElo "1867"]
[PlyCount "51"]
[EventDate "2004.??.??"]
[EventType "corr"]
[EventRounds "2"]
[SourceDate "2005.03.12"]

1. e4 e6 2. d4 d5 3. Nd2 dxe4 4. Nxe4 Bd7 5. Nf3 Bc6 6. Bd3 Nd7 7. c4 Ngf6 8.
Nc3 Be7 9. O-O Bxf3 10. Qxf3 c6 11. Re1 Qa5 12. Bf4 O-O 13. Rad1 Qh5 14. Qxh5
Nxh5 15. Bd2 Nhf6 16. d5 Bc5 17. dxe6 fxe6 18. Na4 Ng4 19. Nxc5 Nxc5 20. Bb4
Nxd3 21. Rxd3 Rf5 22. b3 Nxf2 23. Rd7 Ng4 24. h3 Ne5 25. Rxb7 Re8 26. Rf1 1-0

[Event "MCRE_O19"]
[Site "?"]
[Date "2004.??.??"]
[Round "?"]
[White "Kosar, Zdenek"]
[Black "Galuska, Petr"]
[Result "1/2-1/2"]
[WhiteElo "1800"]
[BlackElo "1800"]
[PlyCount "97"]
[EventDate "2004.??.??"]
[EventType "corr"]
[EventRounds "2"]
[SourceDate "2005.03.12"]

1. e4 c6 2. d4 d5 3. f3 dxe4 4. fxe4 e5 5. Nf3 exd4 6. Bc4 Nd7 7. O-O Ngf6 8.
Kh1 Bc5 9. e5 Nd5 10. c3 N7b6 11. cxd4 Be7 12. Bb3 O-O 13. Nc3 Bg4 14. Qd3 Bh5
15. Ne4 Bg6 16. Qe2 Qc7 17. Bg5 Rae8 18. Bxe7 Qxe7 19. Rae1 Bxe4 20. Qxe4 f5
21. Qf4 Kh8 22. Qg5 Qxg5 23. Nxg5 h6 24. Nh3 Rd8 25. Rf3 g5 26. Nf2 Ne7 27. Rd1
Kg7 28. g3 a5 29. a4 h5 30. Nd3 Rxd4 31. Nc5 Rxd1+ 32. Bxd1 Kg6 33. Nxb7 Nc4
34. Rc3 Nxe5 35. Nxa5 Rd8 36. Be2 h4 37. gxh4 gxh4 38. Re3 Kf6 39. Nc4 N7g6 40.
Nxe5 Nxe5 41. Rb3 Rd5 42. Kg2 Kg5 43. Kf1 Ra5 44. Ra3 c5 45. Bb5 f4 46. Rc3 c4
47. b3 cxb3 48. Rxb3 Kf5 49. h3 1/2-1/2

[Event "MCRE_O19"]
[Site "?"]
[Date "2004.??.??"]
[Round "?"]
[White "Kosar, Zdenek"]
[Black "Jezek, Otakar"]
[Result "1-0"]
[WhiteElo "1800"]
[BlackElo "1800"]
[PlyCount "144"]
[EventDate "2004.??.??"]
[EventType "corr"]
[EventRounds "2"]
[SourceDate "2005.03.12"]

1. e4 e5 2. Nf3 d6 3. d4 exd4 4. Nxd4 Nf6 5. Nc3 Be7 6. Bf4 O-O 7. Qd2 Nbd7 8.
O-O-O Ne5 9. Bg3 Re8 10. Kb1 a6 11. f4 Nc6 12. Be2 Nxd4 13. Qxd4 Qd7 14. h3 c6
15. Rhe1 h6 16. Qf2 d5 17. e5 Nh7 18. Bg4 Qd8 19. f5 Bb4 20. Rd3 Qa5 21. h4 Bc5
22. Qf3 b5 23. Nxd5 cxd5 24. Qxd5 Bb4 25. Re4 Rb8 26. e6 fxe6 27. Bxb8 exd5 28.
Rxe8+ Bf8 29. Rxc8 Nf6 30. Bd1 Kf7 31. g4 b4 32. g5 Ne4 33. gxh6 gxh6 34. Bh5+
Kg8 35. f6 d4 36. Bd6 Qxh5 37. Rxf8+ Kh7 38. f7 Qe2 39. Kc1 Kg7 40. Bxb4 a5 41.
Rd8 Kxf7 42. Bxa5 Qf1+ 43. Rd1 Qf4+ 44. Kb1 Qxh4 45. R8xd4 h5 46. Bb4 Qf4 47.
Re1 Nd2+ 48. Rxd2 Qxb4 49. Rf2+ Kg6 50. Rg1+ Kh6 51. Rh2 Qe4 52. Rgh1 Kg6 53.
Rxh5 Kf6 54. b3 Ke6 55. Rh6+ Kd7 56. a4 Kc7 57. Rg1 Qd4 58. Rgg6 Qd1+ 59. Kb2
Qd4+ 60. Ka2 Qd8 61. a5 Qe8 62. Rc6+ Kb8 63. Rb6+ Kc8 64. a6 Qe4 65. Rhc6+ Kd7
66. a7 Qe8 67. Rh6 Kc7 68. Rbe6 Qxe6 69. Rxe6 Kb7 70. Ra6 Kxa6 71. a8=Q+ Kb6
72. b4 Kc7 1-0

[Event "MCRE_O19"]
[Site "?"]
[Date "2004.??.??"]
[Round "?"]
[White "Kosar, Zdenek"]
[Black "Tyrlik, Jaroslav"]
[Result "1-0"]
[WhiteElo "1800"]
[BlackElo "1895"]
[PlyCount "97"]
[EventDate "2004.??.??"]
[EventType "corr"]
[EventRounds "2"]
[SourceDate "2005.03.12"]

1. e4 e6 2. d4 d5 3. Nd2 c5 4. exd5 exd5 5. Ngf3 Nc6 6. Bb5 Bd6 7. dxc5 Bxc5 8.
O-O Nge7 9. Nb3 Bd6 10. Re1 O-O 11. Bg5 Bg4 12. Bh4 Qc7 13. Bg3 Rfe8 14. Ba4
Bxg3 15. hxg3 Bxf3 16. Qxf3 a6 17. Bxc6 bxc6 18. Qe3 Qd7 19. Nc5 Qd6 20. Re2 d4
21. Qe5 Qxe5 22. Rxe5 Nd5 23. Rxe8+ Rxe8 24. Nxa6 Re2 25. Rc1 Kf8 26. Nc5 Nb4
27. Kf1 Rxc2 28. Rxc2 Nxc2 29. Ke2 Nb4 30. a3 Nd5 31. Kd3 Ke7 32. Kxd4 h5 33.
a4 g6 34. a5 Nc7 35. a6 Kd6 36. Kc4 Na8 37. Kb4 Nb6 38. a7 Na8 39. Na6 Nb6 40.
b3 Na8 41. Ka5 g5 42. b4 h4 43. gxh4 gxh4 44. Nc5 Kc7 45. Ka6 Kc8 46. Nd3 Kc7
47. Ne5 Kc8 48. Nxc6 Nc7+ 49. Kb6 1-0

[Event "MCRE_O19"]
[Site "?"]
[Date "2004.??.??"]
[Round "?"]
[White "Kosar, Zdenek"]
[Black "Urban, Milos"]
[Result "1-0"]
[WhiteElo "1800"]
[BlackElo "1800"]
[PlyCount "71"]
[EventDate "2004.??.??"]
[EventType "corr"]
[EventRounds "2"]
[SourceDate "2005.03.12"]

1. e4 c5 2. Nf3 d6 3. d4 cxd4 4. Nxd4 Nf6 5. Nc3 a6 6. f3 e6 7. Be3 b5 8. Qd2
Nbd7 9. g4 h6 10. O-O-O Bb7 11. h4 b4 12. Na4 Qa5 13. b3 Nc5 14. a3 Rc8 15.
axb4 Nxb3+ 16. Nxb3 Qxa4 17. Kb2 d5 18. c3 dxe4 19. Ra1 Qd7 20. Qxd7+ Nxd7 21.
Na5 Bd5 22. fxe4 Bxe4 23. Bxa6 Ra8 24. Bb5 Bxh1 25. Rxh1 Rb8 26. Bc6 Bd6 27.
Rd1 Ke7 28. Bxd7 Kxd7 29. Bc5 Kc8 30. Rxd6 Kc7 31. Nc4 Rb5 32. Bb6+ Kb7 33. Bd4
Rg8 34. Rd7+ Kc8 35. Rxf7 g5 36. Nd6+ 1-0

[Event "MCRE_O19"]
[Site "?"]
[Date "2004.??.??"]
[Round "?"]
[White "Kosar, Zdenek"]
[Black "Uxa, Tomas"]
[Result "1-0"]
[WhiteElo "1800"]
[BlackElo "1800"]
[PlyCount "29"]
[EventDate "2004.??.??"]
[EventType "corr"]
[EventRounds "2"]
[SourceDate "2005.03.12"]

1. e4 e5 2. Nf3 d6 3. d4 exd4 4. Nxd4 Nf6 5. Nc3 h5 6. Bf4 Nc6 7. Nxc6 bxc6 8.
e5 dxe5 9. Qxd8+ Kxd8 10. Bxe5 Nd5 11. O-O-O Be6 12. Nxd5 cxd5 13. Bb5 f6 14.
Bc6 Rb8 15. Bd4 1-0

[Event "MCRE_O19"]
[Site "?"]
[Date "2004.??.??"]
[Round "?"]
[White "Tyrlik, Jaroslav"]
[Black "Galuska, Petr"]
[Result "1/2-1/2"]
[WhiteElo "1895"]
[BlackElo "1800"]
[PlyCount "38"]
[EventDate "2004.??.??"]
[EventType "corr"]
[EventRounds "2"]
[SourceDate "2005.03.12"]

1. d4 Nf6 2. c4 g6 3. Nc3 Bg7 4. e4 d6 5. Nf3 O-O 6. Bg5 Nbd7 7. Be2 c5 8. d5
Ng4 9. Qd2 Nde5 10. O-O Re8 11. Ne1 h6 12. Bh4 g5 13. Bg3 Ng6 14. Bxg4 Bxg4 15.
Nd3 e5 16. a3 Rc8 17. Rab1 Nf4 18. f3 Bd7 19. Bf2 a6 1/2-1/2

[Event "MCRE_O19"]
[Site "?"]
[Date "2004.??.??"]
[Round "?"]
[White "Tyrlik, Jaroslav"]
[Black "Jezek, Otakar"]
[Result "1-0"]
[WhiteElo "1895"]
[BlackElo "1800"]
[PlyCount "147"]
[EventDate "2004.??.??"]
[EventType "corr"]
[EventRounds "2"]
[SourceDate "2005.03.12"]

1. d4 d5 2. Nf3 Nf6 3. c4 e6 4. Nc3 Be7 5. Bf4 O-O 6. e3 Nbd7 7. Rc1 Nh5 8. Be5
Nhf6 9. Bd3 c6 10. O-O dxc4 11. Bxc4 Nd5 12. Bd3 Nb4 13. Bb1 Nxe5 14. Nxe5 Nd5
15. Qh5 f5 16. Rfe1 Nf6 17. Qh3 Qd6 18. a3 Nd7 19. Nc4 Qc7 20. e4 Qf4 21. exf5
exf5 22. g3 Qg5 23. f4 Qf6 24. Bxf5 Qxd4+ 25. Kh1 Rxf5 26. Qxf5 Nc5 27. Qe5
Qxc4 28. Qxe7 Bf5 29. Qe5 Be6 30. Ne4 Nd3 31. Rxc4 Nxe5 32. Rc2 Nf3 33. Re3 Bd5
34. Kg2 Nd4 35. Rd2 Nf5 36. Re1 Kf8 37. Kf2 Re8 38. Nc3 Rxe1 39. Kxe1 Ne7 40.
b4 Kf7 41. a4 Ke6 42. g4 g6 43. Re2+ Kf7 44. h3 h6 45. Kf2 Bb3 46. Re5 b6 47.
a5 Nd5 48. Nxd5 Bxd5 49. b5 Bh1 50. axb6 axb6 51. h4 cxb5 52. Rxb5 Bb7 53. Rxb6
Be4 54. Ke3 Bc2 55. Kd4 h5 56. g5 Ke7 57. Ke5 Kf7 58. Rb7+ Ke8 59. Kf6 Bd3 60.
Rg7 Bc2 61. Rxg6 Kd7 62. Rg7+ Kd6 63. f5 Kd5 64. Re7 Kd6 65. Re6+ Kd5 66. g6
Kd4 67. g7 Bd3 68. g8=Q Kc3 69. Rc6+ Kd2 70. Qa2+ Ke3 71. Rc3 Ke4 72. Qd2 Ba6
73. Qe3+ Kd5 74. Qe5# 1-0

[Event "MCRE_O19"]
[Site "?"]
[Date "2004.??.??"]
[Round "?"]
[White "Tyrlik, Jaroslav"]
[Black "Kosar, Zdenek"]
[Result "0-1"]
[WhiteElo "1895"]
[BlackElo "1800"]
[PlyCount "106"]
[EventDate "2004.??.??"]
[EventType "corr"]
[EventRounds "2"]
[SourceDate "2005.03.12"]

1. d4 Nf6 2. c4 e6 3. Nf3 Bb4+ 4. Bd2 a5 5. g3 d6 6. Bg2 Nbd7 7. O-O e5 8. Nc3
O-O 9. Qc2 Re8 10. Rad1 exd4 11. Nxd4 h6 12. a3 Bc5 13. Bc1 Rb8 14. e4 Ne5 15.
Nb3 b6 16. Nxc5 bxc5 17. b3 Nc6 18. Be3 Bd7 19. f3 Rb6 20. Nd5 Nxd5 21. cxd5
Ne7 22. Bd2 Qa8 23. Rfe1 Reb8 24. Re3 c6 25. dxc6 Nxc6 26. Bc3 a4 27. Rxd6 Nd4
28. Bxd4 Rxd6 29. Bxc5 axb3 30. Rxb3 Rc6 31. Rc3 Qa5 32. Bd4 Rbc8 33. Rxc6 Rxc6
34. Qd1 Qxa3 35. Qd2 Rc1+ 36. Kf2 Ba4 37. Bb2 Qc5+ 38. Qd4 Qc2+ 39. Ke3 Re1+
40. Kf4 Qc7+ 41. Qe5 Qxe5+ 42. Bxe5 Re2 43. Bxg7 Kxg7 44. Bh3 Rxh2 45. Bc8 Rb2
46. Bf5 Rb6 47. Bg4 Bb3 48. Ke3 Rg6 49. Kf4 Be6 50. Bh5 Rg5 51. g4 Kf6 52. Ke3
Rxh5 53. gxh5 Kg5 0-1

[Event "MCRE_O19"]
[Site "?"]
[Date "2004.??.??"]
[Round "?"]
[White "Tyrlik, Jaroslav"]
[Black "Urban, Milos"]
[Result "1-0"]
[WhiteElo "1895"]
[BlackElo "1800"]
[PlyCount "57"]
[EventDate "2004.??.??"]
[EventType "corr"]
[EventRounds "2"]
[SourceDate "2005.03.12"]

1. d4 Nf6 2. c4 g6 3. Nf3 Bg7 4. g3 O-O 5. Bg2 d6 6. O-O c5 7. Nc3 Nc6 8. d5
Na5 9. Qd3 Ng4 10. e4 f5 11. h3 fxe4 12. Nxe4 Ne5 13. Nxe5 Bxe5 14. Rb1 b6 15.
Re1 Bd4 16. Bh6 Rf7 17. b4 Nb7 18. bxc5 bxc5 19. Be3 Bxe3 20. Qxe3 Rb8 21. Ng5
Rg7 22. Qa3 a5 23. Ne6 Bxe6 24. dxe6 Qc7 25. Qa4 Kh8 26. Qd7 Qxd7 27. exd7 e5
28. Rxb7 Rd8 29. Bc6 1-0

[Event "MCRE_O19"]
[Site "?"]
[Date "2004.??.??"]
[Round "?"]
[White "Tyrlik, Jaroslav"]
[Black "Uxa, Tomas"]
[Result "1-0"]
[WhiteElo "1895"]
[BlackElo "1800"]
[PlyCount "51"]
[EventDate "2004.??.??"]
[EventType "corr"]
[EventRounds "2"]
[SourceDate "2005.03.12"]

1. d4 d5 2. c4 Nf6 3. cxd5 Nxd5 4. Nf3 g6 5. e4 Nf6 6. Bd3 Bg7 7. Qb3 O-O 8.
O-O Nc6 9. d5 Na5 10. Qa3 b6 11. Bg5 Qd6 12. Qxd6 cxd6 13. Nc3 Re8 14. b4 Ng4
15. Nb5 Bxa1 16. Rxa1 Rb8 17. bxa5 f6 18. Bd2 a6 19. Nc7 Rf8 20. h3 Ne5 21.
Nxe5 dxe5 22. Rb1 b5 23. a4 Bd7 24. Nxa6 Ra8 25. axb5 Kg7 26. b6 1-0

[Event "MCRE_O19"]
[Site "?"]
[Date "2004.??.??"]
[Round "?"]
[White "Urban, Milos"]
[Black "Benes, Pavel"]
[Result "0-1"]
[WhiteElo "1800"]
[BlackElo "1867"]
[PlyCount "46"]
[EventDate "2004.??.??"]
[EventType "corr"]
[EventRounds "2"]
[SourceDate "2005.03.12"]

1. e4 e6 2. d4 d5 3. Nc3 Bb4 4. e5 c5 5. a3 Bxc3+ 6. bxc3 Ne7 7. Nf3 Qc7 8. a4
b6 9. Bd3 Ba6 10. Bxa6 Nxa6 11. Qe2 Nb8 12. Qb5+ Nd7 13. Qe2 cxd4 14. c4 Rc8
15. Nxd4 Qxc4 16. Qxc4 Rxc4 17. Nb5 Rxc2 18. Nd6+ Kf8 19. Bf4 Ng6 20. Bg3 Ndxe5
21. Bxe5 Nxe5 22. O-O Ke7 23. Nb5 a6 0-1